Sri Lanka: (Record no. 4951)
[ view plain ]
| 000 -LEADER | |
|---|---|
| fixed length control field | 00305nam a2200109 4500 |
| 008 - FIXED-LENGTH DATA ELEMENTS--GENERAL INFORMATION | |
| fixed length control field | 240701b |||||||| |||| 00| 0 eng d |
| 027 ## - STANDARD TECHNICAL REPORT NUMBER | |
| Report Number | Asia report N.124 |
| 942 ## - ADDED ENTRY ELEMENTS (KOHA) | |
| Item Type | Reports |
| 245 ## - TITLE STATEMENT | |
| Title | Sri Lanka: |
| Sub Title | the failure of the peace process |
| 260 ## - PUBLICATION, DISTRIBUTION, ETC. (IMPRINT) | |
| Place of Publication | [Brussels]: |
| Name of Publisher | International Crisis Group, |
| Date of Copyright | 2006 |
| 300 ## - PHYSICAL DESCRIPTION | |
| Extent | 32 p. |
| Withdrawn status | Lost status | Source of classification or shelving scheme | Damaged status | Not for loan | Permanent location | Current location | Date acquired | Total Checkouts | Barcode | Date last seen | Price effective from | Koha item type |
|---|---|---|---|---|---|---|---|---|---|---|---|---|
| Dewey Decimal Classification | Resource center, Muslim Women's Research And Action Forum | Resource center, Muslim Women's Research And Action Forum | 2024-07-01 | RAF5337 | 2024-07-01 | 2024-07-01 | Reports |

